Niños y niñas que estudian y trabajan /

Guardado en:
Bibliografiske detaljer
Institution som forfatter: Costa Rica. Ministerio de Educación Pública
Format: Ukendt
Sprog:Spanish
Udgivet: Costa Rica : El Ministerio,
Fag:
Tags: Tilføj Tag
Ingen Tags, Vær først til at tagge denne postø!

MARC

LEADER 00000 a2200000 04500
001 38701
003
008 050626s2004 cr spa d
040
020 |a [sin ISSN]  
022 |a [sin ISSN]  
090 |a 1002 CR8375n  
110 |a Costa Rica. Ministerio de Educación Pública  
245 |a Niños y niñas que estudian y trabajan /  |c Ministerio de Educación Pública. División de Planeameinto y Desarrollo Educativo. Departamento de Estadística  
260 |a Costa Rica :   |b El Ministerio,  
300 |a 17 páginas  
610 |a División de Planeamiento y Desarrollo Educativo. Departamento de Estadística  
650 |a TRABAJO DE MENORES/  
650 |a NIÑEZ/  
650 |a EDUCACION/  
650 |a ESTADISTICA/  
650 |a INDICADORES EDUCATIVOS  
999 |c 11323  |d 11323